000
00316pam a2200133a 44500
008
230405s2018 xxu||||| |||| 00| 0 eng d
041
_a
ENG
100
_a
R C GUPTA
245
_a
PRACTICAL BIOCHEMISTRY ( GUPTA R C )
250
_a
3
260
_a
NEW DELHI
_b
CBS PUBLISHERS
_c
2018
300
_a
245
906
_a
2548
999
_c
267987
_d
267987